000 00469nam a2200181Ia 4500
001 14737
005 20260306164936.0
008 260306t1999||||xx |||||||||||||| ||spa||
041 _aESP
082 _a516.6
_bS23
100 _aSánchez Gallego, Juan Antonio
_eAUT
245 0 _aGeometría descriptiva :
_bsistemas de proyección cilíndrica
260 _c1999
300 _a260 páginas :
_c25 cm.
650 _aGEN
654 _aCMA
942 _cLIB
_dJUS
_fJUS
_2ddc
_n
999 _c14737
_d14737